000 00227nam a22000857a 4500
008 160914b xxu||||| |||| 00| 0 eng d
100 _9485
_aAggarwal.R.S.
245 _aMaths Lab Manuel-9
260 _aNew Delhi
_bB.B. Publications
_c2012
999 _c3142
_d3142